[Event "URS Spartakiad"]
[Site "Moscow RUS"]
[Date "1979.??.??"]
[Round "?"]
[White "Petrosian, Tigran V"]
[Black "Karpov, Anatoly"]
[Result "1/2-1/2"]
[WhiteElo "2610"]
[BlackElo "2705"]
[PlyCount "29"]
[EventDate "1979.07.11"]
[Source "www.chesslib.no"]
[SourceDate "2004.05.04"]

1. d4 Nf6 2. Nf3 e6 3. c4 b6 4. g3 Bb7 5. Bg2 Be7 6. O-O O-O 7. Nc3 Ne4 8. Qc2 Nxc3 9. Qxc3 c5 10. Rd1 d6 11. b3 Bf6 12. Bb2 Qc7 13. Qc2 Nd7 14. Rd2 Rfd8 15. Rad1 1/2-1/2

[Event "Haninge"]
[Site "Haninge"]
[Date "1990.??.??"]
[Round "8"]
[White "Ftacnik, Lubomir"]
[Black "Karpov, Anatoly"]
[Result "1/2-1/2"]
[WhiteElo "2560"]
[BlackElo "2730"]
[PlyCount "43"]
[EventDate "1990.05.??"]
[Source "ChessBase"]

1. Nf3 Nf6 2. c4 b6 3. g3 Bb7 4. Bg2 e6 5. O-O Be7 6. d4 O-O 7. Nc3 Ne4 8. Qc2 Nxc3 9. Qxc3 c5 10. b3 cxd4 11. Nxd4 Bxg2 12. Kxg2 Nc6 13. Nxc6 dxc6 14. Bb2 Bf6 15. Qc2 Bxb2 16. Qxb2 Qe7 17. Rad1 Rad8 18. Qc1 c5 19. Rxd8 Rxd8 20. Rd1 Rd6 21. Rxd6 Qxd6 22. Qe3 1/2-1/2

[Event "08, olm"]
[Site "08, olm"]
[Date "1980.??.??"]
[Round "?"]
[White "Miles, Anthony J"]
[Black "Karpov, Anatoly"]
[Result "1/2-1/2"]
[WhiteElo "2545"]
[BlackElo "2725"]
[PlyCount "31"]
[EventDate "1980.??.??"]
[Source "www.chesslib.no"]
[SourceDate "2004.05.04"]

1. Nf3 Nf6 2. c4 b6 3. g3 Bb7 4. Bg2 e6 5. O-O Be7 6. d4 O-O 7. Nc3 Ne4 8. Qc2 Nxc3 9. Qxc3 c5 10. Rd1 d6 11. b3 Bf6 12. Bb2 Qc7 13. Qd2 Rd8 14. dxc5 dxc5 15. Qf4 Na6 16. Qxc7 1/2-1/2

[Event "Hannover"]
[Site "Hannover"]
[Date "1983.??.??"]
[Round "11"]
[White "Karpov, Anatoly"]
[Black "Balashov, Yuri S"]
[Result "1/2-1/2"]
[WhiteElo "2710"]
[BlackElo "2545"]
[PlyCount "50"]
[EventDate "1983.08.??"]
[Source "ChessBase"]

1. d4 Nf6 2. c4 e6 3. Nf3 b6 4. g3 Bb7 5. Bg2 Be7 6. O-O O-O 7. Nc3 Ne4 8. Qc2 Nxc3 9. Qxc3 c5 10. Rd1 d6 11. b3 Bf6 12. Bb2 Qc7 13. Qc2 Nd7 14. Rd2 Rfd8 15. Rad1 Rac8 16. dxc5 dxc5 17. Ne1 Bxg2 18. Nxg2 Bxb2 19. Qxb2 Nb8 20. Qc2 Nc6 21. Qe4 h6 22. Nf4 Rxd2 23. Rxd2 Rd8 24. Rxd8+ Nxd8 25. Qa8 g6 1/2-1/2

[Event "Lvov"]
[Site "Lvov"]
[Date "1984.??.??"]
[Round "8"]
[White "Vaganian, Rafael A"]
[Black "Tal, Mihail"]
[Result "1/2-1/2"]
[WhiteElo "2630"]
[BlackElo "2620"]
[PlyCount "39"]
[EventDate "1984.02.??"]
[Source "ChessBase"]

1. Nf3 Nf6 2. c4 e6 3. g3 b6 4. Bg2 Bb7 5. O-O Be7 6. Nc3 O-O 7. d4 Ne4 8. Qc2 Nxc3 9. Qxc3 c5 10. Rd1 d6 11. b3 Bf6 12. Bb2 Qe7 13. Qc2 Nc6 14. Rd2 Rac8 15. dxc5 dxc5 16. Rad1 Rfd8 17. Bxf6 Qxf6 18. Rxd8+ Rxd8 19. Rxd8+ Qxd8 20. Qd2 1/2-1/2

[Event "URS Team Ch"]
[Site "Moscow RUS"]
[Date "1972.??.??"]
[Round "?"]
[White "Polugaevsky, Lev A"]
[Black "Keres, Paul"]
[Result "1/2-1/2"]
[WhiteElo "2645"]
[BlackElo "2600"]
[PlyCount "21"]
[EventDate "1972.03.01"]
[Source "www.chesslib.no"]
[SourceDate "2004.05.04"]

1. c4 Nf6 2. Nf3 e6 3. g3 b6 4. Bg2 Bb7 5. O-O Be7 6. d4 O-O 7. Nc3 Ne4 8. Qc2 Nxc3 9. Qxc3 Be4 10. Rd1 c5 11. Bf4 1/2-1/2

[Event "Malmo"]
[Site "Malmo"]
[Date "1994.??.??"]
[Round "4"]
[White "Andersson, Ulf"]
[Black "Almasi, Zoltan"]
[Result "1/2-1/2"]
[WhiteElo "2620"]
[BlackElo "2610"]
[PlyCount "274"]
[EventDate "1994.06.??"]
[Source "ChessBase"]

1. d4 Nf6 2. Nf3 e6 3. g3 b6 4. Bg2 Bb7 5. O-O Be7 6. c4 O-O 7. Nc3 Ne4 8. Qc2 Nxc3 9. Qxc3 c5 10. b3 cxd4 11. Nxd4 Bxg2 12. Kxg2 Bf6 13. Bb2 Nc6 14. Qe3 Qe7 15. Rfd1 Rfd8 16. Rab1 Qc5 17. Nc2 Bxb2 18. Rxb2 a5 19. Nd4 a4 20. Rbd2 axb3 21. axb3 Nb4 22. Qf3 Re8 23. e4 Rf8 24. h3 Rae8 25. Qc3 d5 26. exd5 Nxd5 27. Qf3 Nc7 28. Nc6 e5 29. Nd8 e4 30. Qe3 Ne6 31. Nxe6 Rxe6 32. Rd5 Qc6 33. Rd8 Rfe8 34. R1d5 h6 35. Rxe8+ Rxe8 36. Qd4 Re6 37. b4 Kh7 38. b5 Qa8 39. Qe3 Qa2 40. Rd4 Qc2 41. g4 Kg8 42. Qd2 Qb1 43. Qe2 Kh7 44. Qe3 Qc2 45. Qd2 Qb3 46. Qf4 e3 47. fxe3 Rf6 48. Qe4+ g6 49. Qd3 Qa2+ 50. Qd2 Qb1 51. Qe2 Qc1 52. Rd1 Qc3 53. Qd3 Qb2+ 54. Rd2 Qa1 55. Rf2 Rxf2+ 56. Kxf2 Qb2+ 57. Kf3 Qh2 58. Qf1 Qe5 59. Qd1 Qh2 60. Ke4 Qg2+ 61. Qf3 f5+ 62. gxf5 gxf5+ 63. Kf4 Qg5+ 64. Ke5 f4+ 65. Ke4 Qe7+ 66. Kd3 Qa3+ 67. Ke2 Qa2+ 68. Ke1 Qxc4 69. Qb7+ Kg8 70. Qb8+ Kh7 71. Qb7+ Kg8 72. Qc6 Qb4+ 73. Ke2 Qb2+ 74. Kf3 fxe3 75. Qg6+ Kf8 76. Qxh6+ Kf7 77. Qf4+ Kg7 78. Qc7+ Kf8 79. Qd6+ Kf7 80. Qd7+ Kf6 81. Kxe3 Qc1+ 82. Qd2 Qa3+ 83. Qd3 Qe7+ 84. Kf3 Qf7 85. h4 Ke5+ 86. Kg2 Qa2+ 87. Kg3 Qg8+ 88. Kf3 Qf8+ 89. Kg2 Qa8+ 90. Qf3 Qa4 91. Kg3 Qa5 92. Qf4+ Ke6 93. Qe4+ Kf6 94. Qd4+ Kg6 95. Qd6+ Kf5 96. Qd5+ Kf6 97. Kg4 Qb4+ 98. Kh5 Qe1 99. Qg5+ Kf7 100. Qg6+ Kf8 101. Qf6+ Ke8 102. Kh6 Qd2+ 103. Kg6 Qd3+ 104. Qf5 Qg3+ 105. Kh5 Qe3 106. Qg6+ Kd7 107. Qg4+ Ke8 108. Qf5 Qd4 109. Qe6+ Kf8 110. Qf5+ Ke8 111. Kg5 Qd2+ 112. Kg4 Qd4+ 113. Kh5 Qe3 114. Kg6 Qg3+ 115. Qg5 Qd6+ 116. Kh7 Qd7+ 117. Kh6 Qe6+ 118. Kh5 Qe2+ 119. Kg  Qe4+ 120. Kf6 Qe7+ 121. Kf5 Qc5+ 122. Ke6 Qc8+ 123. Kf6 Qd8+ 124. Ke5 Qc7+ 125. Kd4 Qd6+ 126. Ke4 Qb4+ 127. Kf3 Qd6 128. Ke2 Kf7 129. Qf5+ Kg7 130. h5 Kh6 131. Qf7 Qe5+ 132. Kf3 Qc3+ 133. Kg4 Qc8+ 134. Qf5 Qg8+ 135. Kf4 Qc4+ 136. Qe4 Qf1+ 137. Ke3 Qe1+ 1/2-1/2

[Event "Clermont Ferrand"]
[Site "?"]
[Date "1989.??.??"]
[Round "?"]
[White "Andersson, Ulf"]
[Black "Ehlvest, Jaan"]
[Result "1/2-1/2"]
[WhiteElo "2620"]
[BlackElo "2600"]
[PlyCount "39"]
[EventDate "1989.??.??"]
[Source "www.chesslib.no"]
[SourceDate "2004.05.04"]

1. Nf3 Nf6 2. c4 b6 3. g3 Bb7 4. Bg2 e6 5. O-O Be7 6. d4 O-O 7. Nc3 Ne4 8. Qc2 Nxc3 9. Qxc3 f5 10. b3 Bf6 11. Bb2 d6 12. Qd2 Nd7 13. Ne1 Bxg2 14. Nxg2 Bg5 15. Qc2 Nf6 16. d5 Qd7 17. dxe6 Qxe6 18. Bc1 Bxc1 19. Raxc1 Nh5 20. a4 1/2-1/2

[Event "Rostov na Donu"]
[Site "?"]
[Date "1993.??.??"]
[Round "?"]
[White "Epishin, V."]
[Black "Tiviakov, S."]
[Result "0-1"]
[WhiteElo "2620"]
[BlackElo "2595"]
[PlyCount "104"]
[EventDate "1993.??.??"]
[Source "ChessBase"]
[SourceDate "1993.02.01"]

1. d4 Nf6 2. c4 e6 3. Nf3 b6 4. g3 Bb7 5. Bg2 Be7 6. Nc3 O-O 7. O-O Ne4 8. Qc2 Nxc3 9. Qxc3 c5 10. Rd1 d6 11. b3 Bf6 12. Bb2 Nd7 13. Rd2 Qe7 14. Rad1 Rfd8 15. Qc2 Rac8 16. e4 cxd4 17. Nxd4 a6 18. Ne2 Bxb2 19. Qxb2 Nc5 20. Nc3 Bc6 21. Rd4 e5 22. R4d2 a5 23. Nd5 Bxd5 24. Rxd5 f6 25. Qe2 Rc6 26. Bh3 g6 27. Qe3 Kg7 28. Kg2 Rb8 29. a3 Na6 30. Qd2 Rd8 31. Kg1 a4 32. b4 Nc7 33. Bf1 Nxd5 34. Qxd5 Rcc8 35. Qb5 Qb7 36. Bh3 Rc7 37. Be6 Qc6 38. Rd5 Qxc4 39. Qxb6 Qc1+ 40. Kg2 Qc2 41. Rc5 Rxc5 42. Qxd8 Qxe4+ 43. Kh3 Rc3 44. Qxd6 Rf3 45. Qc5 Qd4 46. Qc7+ Kh6 47. Qc1+ Qf4 48. Qc5 Qd4 49. Qc1+ Kh5 50. b5 f5 51. Qc7 h6 52. Bf7 Rxf2 0-1

[Event "Ubeda op"]
[Site "Ubeda"]
[Date "1999.01.28"]
[Round "9"]
[White "Burmakin, Vladimir"]
[Black "Tiviakov, Sergei"]
[Result "1/2-1/2"]
[WhiteElo "2560"]
[BlackElo "2655"]
[PlyCount "30"]
[EventDate "1999.01.??"]
[Source "ChessBase"]
[SourceDate "1999.03.01"]

1. d4 Nf6 2. Nf3 e6 3. c4 b6 4. g3 Bb7 5. Bg2 Be7 6. O-O O-O 7. Nc3 Ne4 8. Qc2 Nxc3 9. Qxc3 c5 10. Rd1 d6 11. b3 Bf6 12. Bb2 Nd7 13. Qd2 Qe7 14. dxc5 Bxb2 15. Qxb2 bxc5 1/2-1/2

[Event "Reggio Emilia ITA"]
[Site "Reggio Emilia ITA"]
[Date "1987.??.??"]
[Round "9"]
[White "Beliavsky, Alexander G"]
[Black "Portisch, Lajos"]
[Result "1/2-1/2"]
[WhiteElo "2585"]
[BlackElo "2610"]
[PlyCount "83"]
[EventDate "1987.??.??"]
[Source "www.chesslib.no"]
[SourceDate "2004.05.04"]

1. d4 Nf6 2. c4 e6 3. Nf3 b6 4. g3 Bb7 5. Bg2 Be7 6. O-O O-O 7. Nc3 Ne4 8. Qc2 Nxc3 9. Qxc3 c5 10. b3 cxd4 11. Nxd4 Bxg2 12. Kxg2 Bf6 13. Bb2 d5 14. Rfd1 dxc4 15. Qxc4 Qc8 16. Rac1 Qxc4 17. Rxc4 Na6 18. Ba3 Rfd8 19. Rd3 Rd5 20. Nc6 Rxd3 21. exd3 Nc7 22. Bd6 Nb5 23. Bf4 Nc3 24. Bd2 Nb5 25. Be3 Nd6 26. Ra4 Nc8 27. Ra6 Kf8 28. b4 Ke8 29. b5 Kd7 30. Bf4 Ne7 31. Rxa7+ Rxa7 32. Nxa7 Nd5 33. Bd2 Bc3 34. Be3 Bf6 35. Nc6 Nc3 36. Bxb6 Nxa2 37. Ba5 Nc1 38. d4 Ne2 39. Ne5+ Bxe5 40. dxe5 Nd4 41. b6 Kc6 42. f4 1/2-1/2

[Event "Moscow-4teams"]
[Site "Moscow"]
[Date "1981.??.??"]
[Round "?"]
[White "Vaganian, Rafael A"]
[Black "Polugaevsky, Lev"]
[Result "1/2-1/2"]
[WhiteElo "2565"]
[BlackElo "2620"]
[PlyCount "28"]
[EventDate "1981.06.??"]
[Source "ChessBase"]

1. c4 Nf6 2. Nc3 e6 3. Nf3 b6 4. g3 Bb7 5. Bg2 Be7 6. O-O O-O 7. d4 Ne4 8. Qc2 Nxc3 9. Qxc3 f5 10. b3 Bf6 11. Bb2 d6 12. Rad1 a5 13. Ne1 Bxg2 14. Nxg2 Nc6 1/2-1/2

[Event "otb"]
[Site "otb"]
[Date "2007.03.09"]
[Round "6"]
[White "Stojanovic Mihajlo"]
[Black "Damljanovic Branko"]
[Result "1/2-1/2"]
[WhiteElo "2576"]
[BlackElo "2590"]
[PlyCount "26"]
[Source "www.chesslib.no"]
[SourceDate "2004.05.04"]

1. Nf3 Nf6 2. c4 b6 3. g3 Bb7 4. d4 e6 5. Bg2 Be7 6. O-O O-O 7. Nc3 Ne4 8. Qc2 Nxc3 9. Qxc3 c5 10. b3 cxd4 11. Nxd4 Bxg2 12. Kxg2 Nc6 13. Nxc6 dxc6 1/2-1/2

[Event "Linares Anibal op 4th"]
[Site "Linares"]
[Date "1997.??.??"]
[Round "5"]
[White "Fridman, Daniel"]
[Black "Jussupow, Artur"]
[Result "1/2-1/2"]
[WhiteElo "2490"]
[BlackElo "2665"]
[PlyCount "57"]
[EventDate "1997.02.??"]
[Source "ChessBase"]

1. d4 Nf6 2. Nf3 e6 3. g3 b6 4. Bg2 Bb7 5. c4 Be7 6. O-O O-O 7. Nc3 Ne4 8. Qc2 Nxc3 9. Qxc3 c5 10. b3 Bf6 11. Bb2 cxd4 12. Nxd4 Bxg2 13. Kxg2 Nc6 14. Qd3 Qc8 15. Rfd1 Rd8 16. Rac1 Nb4 17. Qd2 Qc5 18. a3 Nc6 19. b4 Qh5 20. Nf3 Qf5 21. Bxf6 Qxf6 22. Rc3 d5 23. cxd5 Rxd5 24. Rd3 Rxd3 25. Qxd3 Rd8 26. Qc2 Rxd1 27. Qxd1 Qd8 28. Qxd8+ Nxd8 29. Nd4 1/2-1/2

[Event "Bundesliga"]
[Site "Bundesliga"]
[Date "1995.??.??"]
[Round "?"]
[White "Stohl, Igor"]
[Black "Huebner, Robert"]
[Result "1/2-1/2"]
[WhiteElo "2530"]
[BlackElo "2620"]
[PlyCount "61"]
[EventDate "1995.??.??"]
[Source "www.chesslib.no"]
[SourceDate "2004.05.04"]

1. Nf3 Nf6 2. c4 e6 3. g3 b6 4. Bg2 Bb7 5. O-O Be7 6. d4 O-O 7. Nc3 Ne4 8. Qc2 Nxc3 9. Qxc3 d6 10. Qc2 f5 11. Ne1 Qc8 12. e4 fxe4 13. Bxe4 Bxe4 14. Qxe4 c6 15. Bf4 Re8 16. Nf3 Qd7 17. Rfe1 Bf6 18. Rad1 Na6 19. Qe2 Nc7 20. c5 dxc5 21. dxc5 Nd5 22. Be5 bxc5 23. Rc1 Qe7 24. Qc4 Rad8 25. Qxc5 Qxc5 26. Rxc5 Nb4 27. Bxf6 gxf6 28. Rc4 f5 29. Rf1 Rd4 30. Ng5 Ra8 31. Ra1 1/2-1/2

[Event "Moscow-4teams"]
[Site "Moscow"]
[Date "1981.??.??"]
[Round "?"]
[White "Geller, Efim P"]
[Black "Makarichev, Sergey"]
[Result "1/2-1/2"]
[WhiteElo "2615"]
[BlackElo "2535"]
[PlyCount "37"]
[EventDate "1981.06.??"]
[Source "ChessBase"]

1. c4 Nf6 2. Nc3 e6 3. Nf3 b6 4. g3 Bb7 5. Bg2 Be7 6. O-O O-O 7. d4 Ne4 8. Qc2 Nxc3 9. Qxc3 c5 10. Rd1 d6 11. b3 Bf6 12. Bb2 Nd7 13. Rd2 Qc7 14. Rad1 Rac8 15. Qe3 d5 16. cxd5 Bxd5 17. Ne1 Bxg2 18. Nxg2 cxd4 19. Bxd4 1/2-1/2

[Event "Moscow PCA-Intel qual"]
[Site "Moscow"]
[Date "1995.??.??"]
[Round "2"]
[White "Burmakin, Vladimir"]
[Black "Gulko, Boris F"]
[Result "1/2-1/2"]
[WhiteElo "2555"]
[BlackElo "2595"]
[PlyCount "75"]
[EventDate "1995.??.??"]
[Source "ChessBase"]

1. d4 Nf6 2. Nf3 e6 3. c4 b6 4. g3 Bb7 5. Bg2 Be7 6. O-O O-O 7. Nc3 Ne4 8. Qc2 Nxc3 9. Qxc3 f5 10. Rd1 Bf6 11. Bf4 d6 12. Qe3 Qe7 13. Bg5 Nd7 14. d5 e5 15. Bxf6 Qxf6 16. b4 a5 17. a3 h6 18. Qc3 Ra7 19. Nd2 Qe7 20. Nb3 a4 21. Nc1 e4 22. Qd4 Ne5 23. Na2 Ba6 24. Rac1 Raa8 25. Bf1 Qf6 26. c5 bxc5 27. bxc5 f4 28. Nc3 e3 29. f3 Qg6 30. cxd6 cxd6 31. Bg2 fxg3 32. hxg3 Qxg3 33. Ne4 Qh4 34. Qxe3 Rae8 35. Rd4 Rc8 36. Nc5 Qe7 37. Ne6 Rxc1+ 38. Qxc1 1/2-1/2

[Event "Manila zt 3.2a"]
[Site "Manila"]
[Date "2001.04.26"]
[Round "4"]
[White "Adianto, Utut"]
[Black "Nguyen Anh Dung"]
[Result "1/2-1/2"]
[WhiteElo "2589"]
[BlackElo "2557"]
[PlyCount "76"]
[EventDate "2001.04.24"]
[Source "ChessBase"]
[SourceDate "2001.07.05"]

1. d4 Nf6 2. Nf3 e6 3. c4 b6 4. g3 Bb7 5. Bg2 Be7 6. O-O O-O 7. Nc3 Ne4 8. Qc2 Nxc3 9. Qxc3 Be4 10. Rd1 d6 11. Bf4 Nd7 12. Qe3 Bb7 13. Rac1 Re8 14. Qd3 Nf6 15. Bg5 h6 16. Bxf6 Bxf6 17. Ne1 Bxg2 18. Nxg2 c5 19. e3 cxd4 20. exd4 Rc8 21. b4 Re7 22. Ne3 Rec7 23. Rc2 Bg5 24. f4 Bf6 25. Kg2 Qd7 26. h4 Qa4 27. Qb3 Qa6 28. Kh3 h5 29. d5 e5 30. f5 b5 31. Rdc1 Qb6 32. a4 bxa4 33. Qa3 Be7 34. f6 Bxf6 35. Rd1 e4 36. Rdc1 Qd4 37. Rd1 Qb6 38. Rdc1 Qd4 1/2-1/2